| 000 | 00424nam a2200121Ia 4500 | ||
|---|---|---|---|
| 008 | 220615s9999||||xx |||||||||||||| ||und|| | ||
| 100 | _aJacob, Frank | ||
| 245 | 0 |
_aErnst Papanek and Jewish Refugee Children _bGenocide and Displacement |
|
| 546 | _aEnglish[eng] | ||
| 650 | _aErnst Papanek||Holocaust||World War II||Refuge | ||
| 856 | _uhttps://library.oapen.org/bitstream/20.500.12657/52264/1/9783110679410.pdf | ||
| 942 | _cEB | ||
| 999 |
_c17708 _d17708 |
||